Vzťah vlastníckej štruktúry a výkonnosti podniku

Agentská teória, ktorá analyzuje vzťah medzi vlastníkmi a manažérmi. Výskumy z minulosti zamerané na problematiku vzťahu medzi vlastníkmi a manažérmi. Kategórie vlastníkov: inštitucionálni investori, rodina, banka, nefinančný podnik, štátne vlastníctvo. Empirické testovanie a skúmanie vplyvu veľkost...

Celý popis

Uložené v:
Podrobná bibliografia
Hlavný autor: Jančovičová, Kristína, 1979-
Médium: Kapitola
Jazyk:Slovak
Predmet:
Tagy: Pridať tag
Žiadne tagy, Buďte prvý, kto otaguje tento záznam!

MARC

LEADER 00000naa$a2200000$$$4500
001 0098934
005 20240502072106.1
041 0 |a slo 
044 |a SK 
245 1 0 |a Vzťah vlastníckej štruktúry a výkonnosti podniku  |c Kristína Jančovičová Bognárová 
520 |a Agentská teória, ktorá analyzuje vzťah medzi vlastníkmi a manažérmi. Výskumy z minulosti zamerané na problematiku vzťahu medzi vlastníkmi a manažérmi. Kategórie vlastníkov: inštitucionálni investori, rodina, banka, nefinančný podnik, štátne vlastníctvo. Empirické testovanie a skúmanie vplyvu veľkosti a identity najväčšieho vlastníka na výkonnosť podniku. Výsledky empirického testu. 
610 2 0 |a podnik 
610 2 0 |a vlastníctvo 
610 2 0 |a manažéri 
610 2 0 |a investori 
610 2 0 |a banky 
610 2 0 |a vlastníctvo štátne 
610 2 0 |a rodina 
610 2 0 |a výkonnosť 
100 1 |a Jančovičová, Kristína, 1979-